Probabilidad e inferencia estadística

Bibliographic Details
Main Author: Santaló, Luis A
Format: Section = Libro
Language:Undetermined
Spanish
Published: Washington D. C. OEA 1980
Edition:3a.ed.
Subjects:
LEADER 00491nam a2200193Ia 4500
008 240829s9999 xx 000 0 und d
040 |a BIBLIOTECA-RUSB/ 519 S231 
041 |a spa 
082 |a 519 S231 
100 1 |a Santaló, Luis A 
245 1 0 |a Probabilidad e inferencia estadística 
250 |a 3a.ed. 
260 |a Washington D. C.  |b OEA  |c 1980 
300 |a 137 p. :il. 
650 7 |a INFERENCIAS ESTADISTICAS 
650 7 |b  PROBABILIDADES 
942 |c BK  |2 ddc 
991 |a TEXTO 
999 |c 1859